000 00657cam a2200229I 4500
001 22589
003 GBCCL
005 20241126110348.0
008 830608s1934 ohu 000 0 eng d
035 _a(OCoLC)09586438
040 _aEXC
_cEXC
_dm/c
049 _aLBBK
082 _a251
_bREU
092 _a251
_bR442
100 1 _aReu, Johann Michael,
_d1869-1943.
_91454
245 1 0 _aHomiletics;
_ba manual of the theory and practice of preaching,
_cby M. Reu, put into English by Albert Steinhaeuser.
250 _a4th ed.
260 _aMichigan ,
_bBaker book house,
_c1934.
300 _a639 p.
_c20 cm.
650 0 _aPreaching.
_9404
942 _2ddc
_cBK
_01
999 _c907
_d907